00522nam a2200205 a 4500001001300000003000900013005001700022008004100039020002700080082001300107100002000120245005400140260002600194300000900220500003500229505001000264650001200274650001000286700002000296nice12345678IN_TiNIC20260116013824.0050524s1993 leia grp 000 0 eng  a9004523 c3231.2500a296bCOH aCohen, Jonathan aOrigins and Evolution of the Moses Nativity Story aLeiden bBrill c1993 a205p aincludes index and biblioraphy2 aIndex aJudaism aMoses1 aCohen, Jonathan